000 00696nam a22001337a 4500
040 _cRUA
082 _aAVM SOK 2013 B108 Or.1
100 _aSOK, SOCHAN.
245 _aSurvey on weaning piglet diarrhea at tob chantha at posenchey district phnopenh, ការអង្កេតលើជំងឺរាកកូនជ្រូកកំឡុងពេលបៅដោះនៅកសិដ្ឋានតុប​ ចន្ថាខណ្ឌពោធិ៍សែនជ័យរាជធានីភ្នំពេញ
260 _aPhnom Penh
_bRUA
_c2013
300 _aix; 40p.
_bill.
_c29cm.
856 _uhttps://drive.google.com/file/d/1xnMgwOzLe6_jAi3PkQy2yk52AEW7NJbW/view?usp=sharing
942 _cAVM
999 _c2656
_d2656